00446nam a2200157Ia 4500003000400000008004100004040001600045082001300061100002300074245008300097260004800180300001000228650001500238650001100253650002400264GCL140319s9999 xx 000 0 eng d aGCL / cGCL04a821bH W1 aHUTCHINSON, THOMAS10aWORDSWORTH: POETICAL WORKS WITH INTRODUCTIONS AND NOTES / cHUTCHINSON, THOMAS a[S.N] : bOXFORD UNIVERSITY PRESS ، c1988 a778 P04aLITERATURE04aPOETRY04aWORDSWORTH, WILLIAM